00393nam a2200145Ia 4500008004100000020001800041041000800059082001700067100002100084245004300105250000600148260004100154300001800195650003400213210716s2009 xx 000 0 und d a9788126516599 aeng a332.632 PARN aParasuraman,N R. aFundamentals of financial derivatives. a3 aNew DelhibWiley India Pvt Ltdc2009 axxii,318/2014 aDerivatives & Risk Management